| 000 | 00883nam a2200253 i 4500 | ||
|---|---|---|---|
| 001 | 96615 | ||
| 003 | ES-MaACL | ||
| 005 | 20230906181940.0 | ||
| 007 | t| | ||
| 008 | 050628s1984 sp ||||1| spa d | ||
| 020 | _a84-206-8984-X(O.C.) | ||
| 100 | 1 |
_aMalinvaud, Edmond. _975782 |
|
| 245 | 1 | 0 |
_aTeoría macroeconómica / _cEdmond Malinvaud; versión española de Angel Ortí, Manuel Sánchez, Fernando Fernández. |
| 260 |
_aMadrid : _bAlianza, _c1984. |
||
| 300 |
_a2 v. ; _c23 cm. |
||
| 490 | 1 |
_aAlianza universidad. Textos ; _v87,93 |
|
| 505 | 8 | _aContiene: 1. Comportamientos, crecimiento 2. Dinámica a corto plazo | |
| 700 | 0 |
_aOrtí Lahoz, Angel. _987530 |
|
| 700 | 1 |
_aSánchez, Manuel. _9102404 |
|
| 700 | 1 |
_aFernández, Fernando. _949361 |
|
| 830 | 0 |
_aAlianza universidad. Textos ; _v87,93 _9177885 |
|
| 852 |
_aES-MaACL _jL-8943-4 _bR.110554 |
||
| 999 |
_c96615 _d96615 |
||